Normal view MARC view
  • Governing the Ungovernable

Entry Topical Term

Number of records used in: 1

001 - CONTROL NUMBER

  • control field: 125491

003 - CONTROL NUMBER IDENTIFIER

  • control field: NUST

005 - DATE AND TIME OF LATEST TRANSACTION

  • control field: 20240829122347.0

008 - FIXED-LENGTH DATA ELEMENTS

  • fixed length control field: 240829|| aca||aabn | a|a d

040 ## - CATALOGING SOURCE

  • Original cataloging agency: NUST
  • Transcribing agency: NUST

150 ## - HEADING--TOPICAL TERM

  • Topical term or geographic name entry element: Governing the Ungovernable

670 ## - SOURCE DATA FOUND

  • Source citation: Work cat.: (NUST)611197: Hussain, Ishrat 28447, Governing the Ungovernable:, 2018.
© 2023 Central Library, National University of Sciences and Technology. All Rights Reserved.